000 00461nam a2200181Ia 4500
001 16565
005 20260306170319.0
008 260306t2017||||xx |||||||||||||| ||und||
041 _aESP
082 _a348.621
_bG65
100 _aGonzáles Hunt, César
_eAUT
245 0 _aEl sistema privado de pensiones en la jurisprudencia del TC
260 _c2017
300 _a159 páginas :
_c24 cm.
650 _aGEN
654 _aCDE
942 _cLIB
_dJUS
_fJUS
_2ddc
_n
999 _c16565
_d16565